| 000 | 00000nam 2200000za 4500 |
| 001 | 9.828903 |
| 003 | CaOODSP |
| 005 | 20250403105827 |
| 007 | cr ||||||||||| |
| 008 | 161209s1907 onc #o| f000 0 fre d |
| 040 | |aCaOODSP|bfre |
| 041 | |aeng|afre |
| 043 | |an-cn-ab|an-cn-sn|an-cn-mb |
| 045 | |ax0x0 |
| 086 | 1 |aCS98-1906-1-PDF|z98-1906 (F)-1 |
| 245 | 00|aCensus of the Northwest provinces-- Manitoba, Saskatchewan, Alberta, 1906 |h[ressource électronique]. |
| 246 | 15|aRecensement des provinces du Nord-Ouest-- Manitoba, Saskatchewan, Alberta, 1906: |
| 246 | 37|aRecensement des provinces du Nord-Ouest, 1906 |
| 260 | |aOttawa : |b[Bureau du recensement et de la statistique], |c1907. |
| 300 | |a87 p. |
| 500 | |aTitre de la p. de t. addit. : Recensement des provinces du Nord-Ouest-- Manitoba, Saskatchewan, Alberta, 1906 |
| 500 | |a« I. Population de 1906 compare avec 1901. II. Statistiques sommaires des produits des champs et des animaux de ferme »--p. de t. addit. |
| 500 | |aPublication du recensement historique [numérisée en 2009 par Statistique Canada.] |
| 505 | 0 |aTables of population = tableaux de la population -- Summary tables of agriculture = Tableaux sommaires de l'agriculture. |
| 520 | 0 |aRecensement des provinces du Nord-Ouest (Manitoba, Saskatchewan, Alberta). Le population de 1906 compare avec 1901. Comprend aussi les statistiques sommaires des produits des champs et des animaux de ferme. |
| 546 | |aTexte en anglais et en français. |
| 692 | 07|2gccst|aRecensement |
| 710 | 1 |aCanada.|bBureau du recensement et de la statistique. |
| 710 | 2 |aStatistique Canada. |
| 791 | |tCensus of the Northwest provinces-- Manitoba, Saskatchewan, Alberta, 1906 |eeng|w(CaOODSP)9.828898 |
| 856 | 40|qPDF|s39.67 Mo|uhttps://publications.gc.ca/collections/collection_2016/statcan/CS98-1906-1.pdf |